Global networks, linked cities (Registro nro. 89170)

Detalles MARC
000 -ENCABEZADO
Número de control [NR] 01097nam a22002777a 4500
008 - DE LONGITUD FIJA DE DATOS DE ELEMENTOS - INFORMACIÓN GENERAL
Elementos de longitud fija [NR] 130821s2002 xxu gr eng
020 ## - NUMERO INTERNACIONAL NORMALIZADO PARA LIBROS [R]
Número Internacional Normalizado del libro [NR] 0415931622
020 ## - NUMERO INTERNACIONAL NORMALIZADO PARA LIBROS [R]
Número Internacional Normalizado del libro [NR] 0415931630
040 ## - FUENTE DE CATALOGACION [NR]
Agencia de catalogación original [NR] Co-BoUCM
Idioma de catalogación [NR] spa
041 00 - CODIGO DE IDIOMA [R]
Código de idioma para texto/pista de sonido o título separado [R] Inglés
245 00 - MENCION DE TITULO [NR]
Título [NR] Global networks, linked cities
Mención de responsabilidad, etc. [NR] editor Saskia Sassen.
260 ## - PUBLICACION, DISTRIBUCION, ETC. (PIE DE IMPRENTA) [R]
Lugar de publicación, distribución, etc. [R] Nueva York (Estados Unidos)
Nombre del editor, distribuidor, etc. [R] Routledge
Fecha de publicación, distribución, etc. [R] 2002
300 ## - DESCRIPCION FISICA [R]
Extensión [R] vii, 368 páginas
504 ## - NOTA DE BIBLIOGRAFIA, ETC. [R]
Nota de bibliografía, etc. [NR]
650 04 - ASIENTO SECUNDARIO DE MATERIA - TERMINO TEMATICO [R]
Término temático o nombre geográfico como elemento de entrada [NR] Computadores y civilización
Subdivisión de forma [R] Estudio de casos
9 (RLIN) 11344
650 04 - ASIENTO SECUNDARIO DE MATERIA - TERMINO TEMATICO [R]
Término temático o nombre geográfico como elemento de entrada [NR] Economía urbana
Subdivisión de forma [R] Estudio de casos
9 (RLIN) 13718
650 04 - ASIENTO SECUNDARIO DE MATERIA - TERMINO TEMATICO [R]
Término temático o nombre geográfico como elemento de entrada [NR] Empresas
Subdivisión general [R] Redes de computadores
9 (RLIN) 7561
650 04 - ASIENTO SECUNDARIO DE MATERIA - TERMINO TEMATICO [R]
Término temático o nombre geográfico como elemento de entrada [NR] Globalización
Subdivisión de forma [R] Estudio de casos
9 (RLIN) 216
650 04 - ASIENTO SECUNDARIO DE MATERIA - TERMINO TEMATICO [R]
Término temático o nombre geográfico como elemento de entrada [NR] Sociología
9 (RLIN) 386
650 04 - ASIENTO SECUNDARIO DE MATERIA - TERMINO TEMATICO [R]
Término temático o nombre geográfico como elemento de entrada [NR] Tecnología de la información
Subdivisión general [R] Aspectos económicos
9 (RLIN) 25136
700 1# - ASIENTO SECUNDARIO - NOMBRE PERSONAL [R]
Nombre personal [NR] Sassen, Saskia.
9 (RLIN) 54704
856 42 - LOCALIZACION Y ACCESO ELECTRONICOS [R]
Especificación de los materiales [NR] Book review (H-Net)
Identificador Uniforme del Recurso (“URI”) [R] <a href="http://www.h-net.org/review/hrev-a0c8p3-aa">http://www.h-net.org/review/hrev-a0c8p3-aa</a>
856 42 - LOCALIZACION Y ACCESO ELECTRONICOS [R]
Especificación de los materiales [NR] Publicador
Identificador Uniforme del Recurso (“URI”) [R] <a href="http://www.loc.gov/catdir/enhancements/fy0647/2001041831-d.html">http://www.loc.gov/catdir/enhancements/fy0647/2001041831-d.html</a>
942 ## - ELEMENTOS DE ENTRADA AGREGADOS (KOHA)
Tipo de ítem principal el descrito en 300a Libro
Tema principal Sociología
Edición 1
Parte restante de la signatura top. G562
Sistema de clasificación DEWEY
Clasificación 303.4834
Existencias
Fecha de último préstamo Total préstamos Total Renewals Signatura topográfica Código de barras Última vez visto Ejemplar Price effective from Tipo de ítem Perdido Sistema de clasificación Dañado No prestable Tipo de ítem específico Suprimido Ubicación habitual Ubicación actual Localización Fecha de creación Forma de adquisición Costo
12/02/2019 13 5 303.4834 G562 100092105 03/12/2025 Ej.1 03/02/2013 Libro   DEWEY     Libro   Claustro Claustro 4to piso 28/02/2013 Compra 63308.00